| 000 | 004320000a22001690004500 | ||
|---|---|---|---|
| 020 | _a1 85534 567 6 | ||
| 082 | 0 | 4 | _aGI CF H180b |
| 100 | 1 | _aHamilton, Judy | |
| 245 | 1 | 0 | _aThe Boy Who Cried Wolf / Judy Hamilton |
| 260 | _aScotland : Geddes & Grosset | ||
| 300 | _a[26 P.] | ||
| 440 | 0 | _aCol. \ Tarantula Books | |
| 500 | _aLa historia del pastorcito mentiroso | ||
| 650 | 1 | 4 | _aLiteratura Infantil |
| 001 | 732 | ||
| 942 | _cLGB | ||
| 999 |
_c47936 _d47936 |
||